| 000 | 00529nam a22001937a 4500 | ||
|---|---|---|---|
| 999 |
_c7680 _d7680 |
||
| 003 | OSt | ||
| 005 | 20220209104748.0 | ||
| 008 | 220209b ||||| |||| 00| 0 eng d | ||
| 020 | _a9781138987357 | ||
| 040 | _cDDC | ||
| 082 | _a332.1532 RAM 2006 | ||
| 100 |
_aRamsamy, Edward _98301 |
||
| 245 |
_aThe World Bank and Urban Development: _bFrom Project to Policy. |
||
| 260 |
_aNew York: _bRoutledge; _c2006, |
||
| 300 |
_axv,229p.: _bill; _c24cm. |
||
| 504 | _aIncludes Index. | ||
| 650 |
_aWorld Bank. _911231 |
||
| 942 |
_2ddc _cBOOK |
||